5, 6, 7, ou 8? - Statistiques

Statistiques générales
  • Ce quiz a été pris 42 733 fois
  • Le résultat moyen est 8 sur 15
Statistiques - réponses
Question Réponse % Correct
Quel nombre commence par O lorsqu'il est écrit en espagnol ? 8
89%
Combien d'années de malchance obtenez-vous pour avoir cassé un miroir? 7
84%
Combien y a-t-il de bits dans un octet ? 8
83%
Combien y a-t-il de planètes dans le système solaire ? 8
80%
Combien y a-t-il de membre du groupe anglais Spice Girls ? 5
76%
Combien de pattes a un insecte ? 6
76%
Combien y a-t-il de pointes sur l'étoile de David ? 6
61%
Selon la Bible, quel jour de la création Dieu a-t-il créé les humains ? 6
47%
Quel "épisode" de Star Wars mettait en vedette les Ewoks ? 6
43%
Quel est le nombre le plus susceptible d'être lancé avec une paire de dés ? 7
42%
Combien y a-t-il de Grands Lacs en Amérique du Nord ? 5
41%
Combien de femmes le roi Henri VIII a-t-il eu ? 6
33%
Quel est le numéro atomique de l'oxygène ? 8
30%
Combien de médailles d'or olympiques Michael Phelps a-t-il remportées en 2008 ? 8
26%
Quel est le chiffre le plus chanceux en Chine ? 8
22%
Aucun quiz correspondant
Distribution des résultats
% des personnes avec chaque résultat
Percentile par nombre de réponses
Votre historique - résultats
Vous n’avez pas pris ce quiz